000
00211nam a22000857a 4500
008
160706b xxu||||| |||| 00| 0 eng d
100
_9
2382
_a
Andrew, R.W
245
_a
Environmental Science
260
_b
Longman
_c
1996
999
_c
2058
_d
2058